Les 15 meilleurs buteurs de liga (saison 2023-2024) - Statistiques

Statistiques générales
  • Ce quiz a été pris 60 fois
  • Le résultat moyen est 8 sur 15
Statistiques - réponses
Classement Nombre de buts Équipe Joueur % Correct
6 16 Atletico Madrid Antoine Griezmann
98%
8 15 Real Madrid Vinicius Junior
97%
4 19 Real Madrid Jude Bellingham
93%
3 19 Barcelone Robert Lewandowski
90%
1 24 Gérone Artem Dovbyk
78%
9 15 Atletico Madrid Alvaro Morata
74%
14 12 Athletic Bilbao Inaki Williams
62%
2 23 Villareal Alexander Sorloth
60%
7 16 Seville Youssef En-Nesyri
41%
5 17 Osasuna Ante Budimir
33%
10 15 Getafe Borja Mayoral
19%
13 13 Valence Hugo Duro
17%
11 14 Athletic Bilbao Gorka Guruzeta
10%
12 13 Celta Vigo Jorgen Strand Larsen
10%
15 11 Grenade Myrto Uzuni
5%
Aucun quiz correspondant
Distribution des résultats
% des personnes avec chaque résultat
Percentile par nombre de réponses
Votre historique - résultats
Vous n’avez pas pris ce quiz